Score 0/25 Timer 15:00
0 Plays Today
Image Name % Correct
6Avril Lavigne
79.5%
5Arnold Schwarzenegger
71.7%
10Christina Aguilera
69.2%
23Zooey Deschanel
63.4%
9Jake Gyllenhaal
60.2%
3Scarlett Johansson
56%
1Ralph Fiennes
49.9%
7Shia LaBeouf
46.3%
2Martin Scorsese
44%
4Ryan Phillippe
37.6%
12Kylie Minogue
37.6%
11Matthew McConaughey
34.1%
8Milla Jovovich
30.5%
Image Name % Correct
15Liev Schreiber
27%
24Hayden Panettiere
26.9%
13Zach Galifianakis
23%
17Cary Elwes
22.4%
18Anna Kournikova
21.1%
25Chiwetel Ejiofor
19.3%
20Malala Yousafzai
17.8%
16Gabourey Sidibe
16.4%
19Kumail Nanjiani
15%
21Alexander Skarsgård
13.2%
14Quvenzhané Wallis
10.9%
22William Fichtner
6.9%
Remove Ads.
Support Sporcle.
Get the best of Sporcle when you Go Orange. This ad-free experience offers more features, more stats, and more fun while also helping to support Sporcle. Thank you for becoming a member.

You're not logged in!

Compare scores with friends on all Sporcle quizzes.
OR
Log In

Show Comments

Extras

Top Quizzes Today


Score Distribution

Your Account Isn't Verified!

In order to create a playlist on Sporcle, you need to verify the email address you used during registration. Go to your Sporcle Settings to finish the process.

Report this User

Report this user for behavior that violates our Community Guidelines.

Details: